[Event "Primera"]
[Site ""]
[Date "2006.??.??"]
[Round "9"]
[White "Beltrán Alfredo"]
[Black "De Pablo Tomás"]
[Result "1-0"]
[WhiteElo "1697"]
[BlackElo "1716"]

1.d4 Nf6 2.Nf3 d5 3.g3 b6 4.Bg2 Bb7 5.O-O Nc6 6.c3 e6 7.Bg5 Be7 8.Nbd2 O-O 9.
Qc2 h6 10.Bxf6 Bxf6 11.e4 dxe4 12.Nxe4 Na5 13.Rfe1 Bxe4 14.Rxe4 Rb8 15.Ne5
Bxe5 16.Rxe5 Nc4 17.Re2 Nd6 18.Qa4 a5 19.Re5 Ne8 20.Rae1 Nf6 21.h3 Qd6 22.Qb5
Rfd8 23.Bc6 Nd7 24.R5e2 Nf8 25.Re5 Ng6 26.Rh5 Ne7 27.Bg2 c6 28.Qe2 Nd5 29.Qf3
Nf6 30.Rhe5 Rbc8 31.h4 Rc7 32.g4 Nd7 33.R5e2 Nf6 34.g5 hxg5 35.hxg5 Nd5 36.Re5
Rf8 37.Qg4 Ne7 38.Be4 g6 39.Qh3 Nf5 40.Bxf5 exf5 41.Qh6 Rcc8 42.R1e3 Qxe5 43.
dxe5 Rfd8 44.Rh3 1-0

[Event "Primera"]
[Site ""]
[Date "2006.??.??"]
[Round "9"]
[White "Martínez Esteban"]
[Black "Añaños Diego"]
[Result "1-0"]
[WhiteElo "1761"]
[BlackElo "1658"]

1.b4 e5 2.Bb2 d6 3.e3 Nf6 4.Nf3 Be7 5.c4 b6 6.c5 Nc6 7.Bb5 Bd7 8.Qa4 Nb8 9.c6
Be6 10.Be2 a6 11.b5 O-O 12.O-O Ng4 13.Nc3 f5 14.h3 Nf6 15.Ng5 Bc8 16.Qb3+ d5
17.a4 Kh8 18.Nf3 Be6 19.Nxe5 Qd6 20.d4 Ne4 21.Nxe4 fxe4 22.f3 Bf6 23.Ba3 1-0

[Event "Primera"]
[Site ""]
[Date "2006.??.??"]
[Round "9"]
[White "Lozano Francisco"]
[Black "Laborda Oscar"]
[Result "0-1"]
[WhiteElo "1675"]
[BlackElo "1662"]

1.d4 d5 2.Nf3 Nf6 3.e3 Bg4 4.c4 e6 5.Qb3 b6 6.Ne5 Nbd7 7.Nc6 Qc8 8.Qa4 Bd6 9.
c5 bxc5 10.Ba6 Nb6 11.Qb5 Qd7 12.dxc5 Nc4 13.cxd6 cxd6 14.b3 Ne5 15.Nxe5 dxe5
16.Ba3 Bf5 17.O-O Qxb5 18.Bxb5+ Kd8 19.Nc3 a6 20.Be2 h5 21.Rac1 g5 22.Rfd1 g4
23.f3 gxf3 24.Bxf3 e4 25.Be2 Rg8 26.Bb2 Bh3 27.Bf1 Bg4 28.Ne2 Rg6 29.Nf4 Rh6
30.Be2 Bxe2 31.Nxe2 Ng4 32.Rc3 Kd7 33.h3 Nf6 34.Rdc1 Ra7 35.Nd4 Ne8 36.Nc6 Ra8
37.Ne5+ Ke7 38.Ba3+ Kf6 39.Nd7+ Kg7 40.Bf8+ Kh7 41.Bxh6 Kxh6 42.Rc8 Rxc8 43.
Rxc8 Ng7 44.Ne5 Nf5 45.Nxf7+ Kg7 46.Rc7 Nxe3 47.Ne5+ Kf6 48.Nd7+ Kf5 49.Nc5 d4
50.Rf7+ Ke5 51.Rh7 d3 52.Rxh5+ Kd4 53.Nxe6+ Kc3 54.Nc5 Kb2 55.Kf2 d2 0-1